000 01333cam a22003737a 4500
003 CHAP
005 20220329142444.0
008 010308d2001 mx b r 00110 spa d
010 _a83736
011 _a84708
035 _a95234
040 _cCHAP
090 _aTesis
100 0 0 _aTorres, Cecilio.
_9114281
245 1 0 _aAnálisis del programa de certificación de derechos ejidales (PROCEDE) en el Sur de la Huasteca Potosina
_c/por Cecilio Torres
260 _aChapingo, Méx. :
_bEl autor,
_c2001.
300 _a43 h.. :
_bmapa
502 _aTesis (Ing. Agr. Esp. en Fitotecnia) --UACH. Departamento de Fitotecnia
590 _aALEPH
_b10
_c20130110
_lUCH01
_h1441
590 _aBATCH-UPD
_b10
_c20130110
_lUCH01
_h0701
590 _aBATCH-UPD
_b10
_c20130410
_lUCH01
_h0346
590 _aBATCH-UPD
_b10
_c20130914
_lUCH01
_h1145
590 _aCONVERSION
_b10
_c20130109
_lUCH01
_h1347
650 1 4 _aDerecho agrario
_xMéxico.
_931876
650 1 4 _aEjidos
_xSan Luis Potosí.
_936028
650 1 4 _aTierras
_xTenencia
_xHuastecas.
_9113173
650 1 4 _aTierras
_xTenencia
_xSan Luis Potosí.
_9113197
650 1 4 _aTierras
_xTítulos.
_9113217
901 _aBK
905 _aMayto Villalobos S.
942 _cFOLL
949 _bBC
_cTES
_d33724000817284
_eTS2
_fc.2
_h37996
_i95234
_si
949 _bBC
_cTES
_d952341
_eTS1
_h37995
_i95234
_sb
999 _c83736
_d83736